[Event "93rd ch-GBR"]
[Site "Swansea WLS"]
[Date "2006.08.09"]
[Round "3"]
[White "Chevannes,S"]
[Black "Mason,D"]
[Result "1/2-1/2"]
[WhiteElo "2080"]
[BlackElo "2266"]
[EventDate "2006.08.07"]

1. d4 g6 2. Nf3 Bg7 3. e4 d6 4. Be3 Nf6 5. Nc3 a6 6. Qd2 h6 7. Be2 b5 8. a3
Bb7 9. Bd3 Ng4 10. Bf4 e5 11. dxe5 Nxe5 12. Nxe5 dxe5 13. Be3 Nd7 14. O-O
Qe7 15. Rad1 Rd8 16. f3 h5 17. Qf2 O-O 18. Be2 Rfe8 19. Nd5 Bxd5 20. Rxd5
Nf6 21. Rxd8 Rxd8 22. Rd1 Rxd1+ 1/2-1/2

[Event "93rd ch-GBR"]
[Site "Swansea WLS"]
[Date "2006.08.09"]
[Round "3"]
[White "Dilleigh,S"]
[Black "Sugden,J"]
[Result "1/2-1/2"]
[WhiteElo "2134"]
[BlackElo "2166"]
[EventDate "2006.08.07"]

1. d4 Nf6 2. c4 d6 3. Nc3 g6 4. e4 Bg7 5. Be2 Nbd7 6. Bg5 e5 7. d5 h6 8.
Be3 Nc5 9. Bf3 a5 10. Nge2 Nh7 11. h4 h5 12. Nc1 b6 13. Nb3 Qe7 14. Nxc5
bxc5 15. Qc2 O-O 16. O-O-O Nf6 17. Bg5 Qd7 18. Bxf6 Bxf6 19. Rdg1 Qe7 20.
g4 hxg4 21. Bxg4 Bxh4 22. f4 Kg7 23. Qg2 Rh8 24. f5 Rh6 25. Bf3 Bd7 26. Nb5
1/2-1/2

[Event "93rd ch-GBR"]
[Site "Swansea WLS"]
[Date "2006.08.09"]
[Round "3"]
[White "Roberts,DL"]
[Black "Buckley,G"]
[Result "0-1"]
[WhiteElo "2126"]
[BlackElo "2379"]
[EventDate "2006.08.07"]

1. e4 g6 2. d4 Bg7 3. Nc3 d6 4. f4 Nf6 5. Nf3 c5 6. Bb5+ Bd7 7. Bxd7+ Nfxd7
8. d5 Qa5 9. Bd2 b5 10. e5 b4 11. Ne4 O-O 12. O-O c4 13. Be3 Nb6 14. Bxb6
Qxb6+ 15. Kh1 Nd7 16. e6 Nc5 17. Nxc5 Qxc5 18. exf7+ Rxf7 19. Ng5 Rf5 20.
Ne6 Qb6 21. Rb1 Qb7 22. Qf3 Rc8 23. Rfd1 a5 24. g4 Rf6 25. Qe4 b3 26. axb3
cxb3 27. c4 a4 28. Re1 Qb4 29. Rbc1 Bh8 30. f5 Qd2 31. Rb1 Qc2 32. fxg6
hxg6 33. Ng5 Qxe4+ 34. Rxe4 Rf2 35. Rxe7 Bxb2 36. Rbe1 a3 37. R1e6 Rf6 38.
Nf7 Rxf7 39. Rxg6+ Rg7 40. Rgxg7+ Bxg7 0-1

[Event "93rd ch-GBR"]
[Site "Swansea WLS"]
[Date "2006.08.09"]
[Round "3"]
[White "Shaw,P"]
[Black "Snape,I"]
[Result "1/2-1/2"]
[WhiteElo "2122"]
[BlackElo "2241"]
[EventDate "2006.08.07"]

1. d4 Nf6 2. c4 c5 3. d5 e6 4. Nc3 exd5 5. cxd5 d6 6. Nf3 g6 7. g3 Bg7 8.
Bg2 O-O 9. O-O Re8 10. Bf4 Nh5 11. Bg5 f6 12. Be3 f5 13. Qd2 Nd7 14. Bh6
Ne5 15. Bxg7 Nxf3+ 16. Bxf3 Nxg7 17. Rfe1 Bd7 18. a4 a6 19. Rab1 b5 20.
axb5 axb5 21. b4 c4 22. Ra1 Qf6 23. Rec1 Qe5 24. Ra2 Rxa2 25. Qxa2 f4 26.
Qa7 fxg3 27. hxg3 Re7 28. Qb8+ Re8 29. Qb6 Nf5 30. Kg2 Nd4 31. Ne4 Nxe2 32.
Rd1 c3 33. Qc7 c2 34. Qxc2 Nd4 35. Rxd4 Qxd4 36. Nxd6 Rf8 37. Ne4 Rc8 38.
Qa2 Bf5 39. Nd6 Rc2 40. Qa8+ Kg7 41. Qb7+ Kh8 42. Nf7+ Kg8 43. Nh6+ Kh8 44.
Nf7+ 1/2-1/2

[Event "93rd ch-GBR"]
[Site "Swansea WLS"]
[Date "2006.08.09"]
[Round "3"]
[White "Hodgson,Jo"]
[Black "Cannon,Ri"]
[Result "1/2-1/2"]
[WhiteElo "2218"]
[BlackElo "2102"]
[EventDate "2006.08.07"]

1. e4 e6 2. d4 d5 3. Nd2 Nf6 4. e5 Nfd7 5. c3 c5 6. Bd3 Nc6 7. Ne2 cxd4 8.
cxd4 Qb6 9. Nf3 f6 10. exf6 Nxf6 11. O-O Bd6 12. Nc3 Bd7 13. a3 Nxd4 14.
Nxd4 Qxd4 15. Nb5 Qe5 16. f4 Bc5+ 17. Kh1 Qb8 18. b4 Bd6 19. Nxd6+ Qxd6 20.
Bb2 O-O 21. Bd4 b6 22. Qe1 Rf7 23. Qh4 Ne4 24. Be5 1/2-1/2

[Event "93rd ch-GBR"]
[Site "Swansea WLS"]
[Date "2006.08.09"]
[Round "3"]
[White "Nicholson,Jo"]
[Black "Fowler,S"]
[Result "0-1"]
[WhiteElo "1945"]
[BlackElo "2181"]
[EventDate "2006.08.07"]

1. e4 e6 2. d4 d5 3. e5 b6 4. f4 Qd7 5. Nf3 Be7 6. Bd3 Ba6 7. O-O Bxd3 8.
Qxd3 Nc6 9. c3 h5 10. b3 Na5 11. Be3 Nh6 12. Nbd2 Nf5 13. Bf2 h4 14. Rad1
g6 15. g4 hxg3 16. hxg3 O-O-O 17. Kg2 Nh6 18. c4 Nb7 19. Rc1 Ng4 20. Bg1 c6
21. c5 b5 22. a4 b4 23. a5 Rdg8 24. Ra1 f5 25. Ra4 Bd8 26. a6 Na5 27. Nh4
g5 28. fxg5 Bxg5 29. Ndf3 Bxh4 30. Nxh4 Rxh4 31. Rxa5 Qh7 32. Qe2 Rh1 33.
Raa1 Qh3+ 34. Kf3 f4 35. Qg2 Qh5 0-1

[Event "93rd ch-GBR"]
[Site "Swansea WLS"]
[Date "2006.08.09"]
[Round "3"]
[White "Poobalasingam,P"]
[Black "Briscoe,C"]
[Result "1-0"]
[WhiteElo "2068"]
[BlackElo "2137"]
[EventDate "2006.08.07"]

1. d4 Nf6 2. c4 e6 3. Nc3 Bb4 4. e3 b6 5. Nge2 Ba6 6. a3 Bxc3+ 7. Nxc3 d5
8. Qf3 O-O 9. g4 c6 10. b3 Ne8 11. a4 Nd6 12. Ba3 Re8 13. Qg3 Nc8 14. Bd3
Nd7 15. Qh3 g6 16. f4 Nf8 17. O-O-O Rb8 18. f5 dxc4 19. bxc4 Nd6 20. f6 c5
21. Rhf1 Nd7 22. e4 e5 23. Nd5 Re6 24. dxe5 Nxe5 25. Be2 Kh8 26. Bb2 Bxc4
27. Nf4 Qd7 28. Bxc4 Nexc4 29. Qh6 Rg8 30. Rf3 Re5 31. Bxe5 Qxg4 32. Rh3
1-0

[Event "93rd ch-GBR"]
[Site "Swansea WLS"]
[Date "2006.08.09"]
[Round "3"]
[White "Goodger,M"]
[Black "Tippleston,C"]
[Result "0-1"]
[WhiteElo "2128"]
[BlackElo "2203"]
[EventDate "2006.08.07"]

1. e4 c5 2. Nf3 e6 3. c3 Nf6 4. e5 Nd5 5. d4 cxd4 6. cxd4 d6 7. Bc4 Nc6 8.
O-O Be7 9. a3 dxe5 10. dxe5 O-O 11. Qe2 Qc7 12. Rd1 Rd8 13. Bd3 f5 14. exf6
Bxf6 15. Ng5 Bxg5 16. Bxg5 Rf8 17. Qe4 Nf6 18. Bxf6 gxf6 19. Nc3 f5 20. Qc4
Kh8 21. b4 Qg7 22. Bf1 Rg8 23. Rac1 e5 24. Rd3 f4 25. Ne4 Bf5 26. f3 Nd4
27. Re1 Rac8 28. Qd5 Be6 29. Rxd4 Bxd5 30. Rxd5 Rc2 31. Rd2 Rxd2 32. Nxd2
Qd7 33. Ne4 Qd4+ 34. Kh1 Rc8 35. Ng5 Qf2 36. Rd1 Qb2 37. Rd7 Rc1 38. Kg1
Qa1 39. Nf7+ Kg8 40. Nh6+ Kf8 0-1

[Event "93rd ch-GBR"]
[Site "Swansea WLS"]
[Date "2006.08.09"]
[Round "3"]
[White "Thomas,Jos"]
[Black "Corke,A"]
[Result "0-1"]
[WhiteElo "2029"]
[BlackElo "2179"]
[EventDate "2006.08.07"]

1. e4 c5 2. d4 cxd4 3. c3 dxc3 4. Nxc3 Nc6 5. Nf3 d6 6. Bc4 a6 7. O-O Nf6
8. Qe2 Bg4 9. h3 Bxf3 10. Qxf3 Ne5 11. Qe2 Nxc4 12. Qxc4 e6 13. Bf4 Rc8 14.
Qb3 Qc7 15. Rac1 Qb8 16. Qa4+ Nd7 17. Rfd1 Rc6 18. Ne2 Rxc1 19. Rxc1 Be7
20. Ng3 g5 21. Be3 Qd8 22. Qd1 O-O 23. h4 gxh4 24. Bh6 Kh8 25. Bxf8 Bxf8
26. Ne2 Ne5 27. Rc3 Bg7 28. Qc1 Nc6 29. Rh3 Qf6 30. Rf3 Qg6 31. Qf4 Ne5 32.
Rb3 Bf6 33. Qe3 Ng4 34. Qd2 Qxe4 35. Rb4 Qb1+ 36. Qc1 Qf5 37. Rf4 Qg6 38.
Rc4 h3 39. Rc8+ Kg7 40. gxh3 Ne3+ 41. Ng3 Nf5 42. Kh2 Be5 43. Qe1 h5 44.
Rc4 b5 45. Rb4 Nd4 46. Qd1 h4 47. Rxd4 hxg3+ 48. Kg2 Bxd4 49. Qxd4+ e5 50.
Qd2 gxf2+ 51. Kxf2 Qf5+ 52. Kg2 Qe4+ 53. Kg1 Qd4+ 54. Qxd4 exd4 55. Kf2 Kg6
56. Ke2 Kg5 57. Kd3 Kh4 58. Kxd4 Kxh3 59. Kd5 f5 0-1

[Event "93rd ch-GBR"]
[Site "Swansea WLS"]
[Date "2006.08.09"]
[Round "3"]
[White "Ledger,S"]
[Black "Pym,T"]
[Result "1/2-1/2"]
[WhiteElo "2177"]
[BlackElo "2114"]
[EventDate "2006.08.07"]

1. d4 g6 2. Nf3 Bg7 3. Bf4 d6 4. e3 Nd7 5. h3 e5 6. Bh2 f5 7. Be2 c6 8. c4
Nh6 9. Nc3 O-O 10. O-O exd4 11. exd4 Nf7 12. Qc2 Nf6 13. Rad1 g5 14. Bd3 g4
15. hxg4 fxg4 16. Nh4 Ne4 17. Nxe4 Qxh4 18. Nxd6 Nxd6 19. Bxd6 Rf6 20. Bg3
Qh5 21. Rfe1 Rh6 22. Kf1 Qh1+ 23. Ke2 Re6+ 24. Be4 Qh5 25. Rh1 Qg6 26. Be5
Qg5 27. Bxh7+ Kf7 28. Qf5+ Qxf5 29. Bxf5 Rxe5+ 30. dxe5 Bxf5 31. f4 gxf3+
32. gxf3 Bxe5 33. b3 c5 34. Rd5 Re8 35. Kd1 Kf6 36. Re1 Re6 37. Rxc5 Rd6+
38. Rd5 Rxd5+ 39. cxd5 a5 1/2-1/2

[Event "93rd ch-GBR"]
[Site "Swansea WLS"]
[Date "2006.08.10"]
[Round "4"]
[White "Ward,C"]
[Black "Hebden,M"]
[Result "0-1"]
[WhiteElo "2461"]
[BlackElo "2532"]
[EventDate "2006.08.07"]

1. d4 Nf6 2. c4 g6 3. Nc3 Bg7 4. e4 d6 5. f3 O-O 6. Bg5 a6 7. Qd2 Nc6 8.
Nge2 Rb8 9. h4 b5 10. h5 e5 11. Nd5 bxc4 12. Nxf6+ Bxf6 13. Bxf6 Qxf6 14.
d5 Ne7 15. Nc3 c5 16. dxc6 Be6 17. hxg6 fxg6 18. O-O-O Nxc6 19. Qh6 Qf7 20.
Rxd6 Nd4 21. Rxe6 Nxe6 22. Bxc4 Rb7 23. Qh3 Re8 24. Bxa6 Rc7 25. Kb1 Nf4
26. Qh2 Ra8 27. g3 Nh5 28. g4 Rxc3 29. bxc3 Rxa6 30. gxh5 Qxf3 31. Qh3
Qxe4+ 32. Ka1 Qc4 33. Rh2 g5 34. Rb2 Rd6 35. Rb8+ Kg7 36. Qe3 Qf4 37. Qc5
Rd1+ 38. Rb1 Rxb1+ 39. Kxb1 g4 40. Qd6 g3 41. Qe6 Qg5 42. h6+ Kf8 43. Kb2
g2 44. Qc8+ Kf7 45. Qc7+ Kf6 46. Qd6+ Kf5 47. Qd7+ Ke4 48. Qxh7+ Ke3 49.
Qa7+ Kd3 50. Qd7+ Ke2 51. Qb5+ Ke1 52. h7 g1=Q 53. h8=Q Qd2+ 54. Kb3 Qd1+
55. Kc4 Qe2+ 56. Kb4 Qb2+ 0-1

[Event "93rd ch-GBR"]
[Site "Swansea WLS"]
[Date "2006.08.10"]
[Round "4"]
[White "Rowson,J"]
[Black "Pert,R"]
[Result "1-0"]
[WhiteElo "2579"]
[BlackElo "2445"]
[EventDate "2006.08.07"]

1. d4 Nf6 2. c4 e6 3. Nc3 Bb4 4. Qc2 d5 5. cxd5 exd5 6. a3 Bxc3+ 7. bxc3 c5
8. Bg5 h6 9. Bxf6 Qxf6 10. e3 O-O 11. Nf3 Nc6 12. Be2 Be6 13. O-O Rfc8 14.
Qa4 cxd4 15. cxd4 a6 16. Rfb1 b5 17. Qd1 Qe7 18. Qe1 Bf5 19. Rc1 Qd8 20.
Rc5 Na5 21. Qb4 Nb7 22. Rcc1 Nd6 23. a4 bxa4 24. Rxc8 Bxc8 25. Ne5 Be6 26.
Qxa4 Ne4 27. Bd3 Nf6 28. Qa5 Qd6 29. Rc1 Rc8 30. Rc5 Rxc5 31. dxc5 Qb8 32.
Qb6 Qe8 33. Qxa6 g5 34. Qa1 Qc8 35. Qd4 Ne4 36. Bxe4 dxe4 37. Qd6 g4 38.
Nc6 Qb7 39. Qb8+ Qxb8 40. Nxb8 Kf8 41. Nc6 Kg7 42. Na7 1-0

[Event "93rd ch-GBR"]
[Site "Swansea WLS"]
[Date "2006.08.10"]
[Round "4"]
[White "Arakhamia,K"]
[Black "Davies,Ni"]
[Result "1/2-1/2"]
[WhiteElo "2427"]
[BlackElo "2512"]
[EventDate "2006.08.07"]

1. e4 e5 2. Nf3 Nc6 3. Bb5 Nf6 4. d3 d6 5. c3 g6 6. O-O Bg7 7. Bg5 O-O 8.
Nbd2 Bd7 9. a4 Qe8 10. Re1 Kh8 11. d4 Ng8 12. d5 Nd8 13. Bxd7 Qxd7 14. a5
f6 15. Bh4 Bh6 16. c4 Nf7 17. Nf1 f5 18. exf5 gxf5 19. Ng3 Rae8 20. a6 b6
21. Qa4 Qc8 22. Rad1 e4 23. Nd4 f4 24. Nxe4 Qg4 25. Nf3 Ne5 26. Ned2 Bg7
27. h3 Qh5 28. b4 Ne7 29. Nxe5 Bxe5 30. Bxe7 Rxe7 31. Qb3 Rg7 32. Qf3 Qg6
33. Kh1 Bc3 34. Rg1 Bxb4 35. Nb3 Bc5 36. Nd4 Bxd4 37. Rxd4 Qg5 38. Re4 b5
39. cxb5 Qxd5 40. Re8 Qf7 41. Rxf8+ Qxf8 42. Re1 Rf7 43. Qc3+ Kg8 44. Qc4
f3 45. Re4 fxg2+ 46. Kxg2 Kh8 47. Qe2 Rg7+ 48. Rg4 h5 49. Rg3 Rxg3+ 50.
fxg3 Qf7 51. Qd2 Kh7 52. Qd3+ Kg8 53. Qd2 Qf5 54. Qe2 Qd5+ 55. Kh2 Qc5 56.
Kg2 Qd5+ 57. Kh2 Qc5 58. Qe8+ Kg7 59. Qe7+ Kg6 60. Qe8+ Kf6 61. Qe2 Kg6 62.
Kg2 Qd5+ 63. Kg1 Qc5+ 64. Qf2 Qxb5 65. Qxa7 Qe2 66. Qb7 Qe1+ 67. Kg2 Qe2+
1/2-1/2

[Event "93rd ch-GBR"]
[Site "Swansea WLS"]
[Date "2006.08.10"]
[Round "4"]
[White "Parker,J"]
[Black "Greet,A"]
[Result "1/2-1/2"]
[WhiteElo "2509"]
[BlackElo "2431"]
[EventDate "2006.08.07"]

1. d4 Nf6 2. c4 e6 3. Nf3 b6 4. Nc3 Bb4 5. Bg5 Bb7 6. e3 h6 7. Bh4 g5 8.
Bg3 Ne4 9. Qc2 Bxc3+ 10. bxc3 d6 11. Bd3 f5 12. d5 Nd7 13. Bxe4 fxe4 14.
Qxe4 Qf6 15. O-O O-O-O 16. Qxe6 Qxe6 17. dxe6 Nc5 18. Nd4 Be4 19. f4 Rdf8
20. Rad1 a6 21. h4 Kd8 22. fxg5 hxg5 23. hxg5 Rfg8 24. Be5 Rh7 25. Bf6+ Ke8
26. Rf4 Bb7 27. e7 Ne4 28. Rxe4 Bxe4 29. Ne6 Rxe7 30. Bxe7 Kxe7 31. Nxc7
Rxg5 32. Nd5+ Ke6 33. Rd2 Bxd5 34. cxd5+ Ke5 35. Rd4 Rg7 36. Kf2 Rc7 37. c4
b5 38. cxb5 Rc2+ 39. Kf3 axb5 40. Rb4 Rxa2 41. Rxb5 Ra8 42. g4 Rf8+ 43. Kg3
Rg8 44. Ra5 Ke4 45. Kh4 Ke5 46. Ra7 Re8 47. Ra5 Rh8+ 48. Kg3 Rg8 49. Ra7
Re8 50. Rf7 Kxd5 51. Kf4 Ke6 52. Rf5 Rh8 53. Rh5 Rf8+ 54. Rf5 Rh8 55. e4
Rh1 56. Ra5 Rf1+ 57. Kg5 Re1 58. Ra4 Kf7 59. Rd4 Re2 60. Kf4 Ke6 61. g5 Re1
62. Rd3 Rf1+ 63. Kg4 Re1 64. Kf4 Rf1+ 65. Rf3 Re1 66. Rg3 Rf1+ 67. Kg4 Re1
68. g6 Kf6 69. Kf4 Rf1+ 70. Ke3 Kg7 71. Kd4 Rd1+ 72. Kc4 Rd2 73. Rg5 Rd1
74. Rg2 Rc1+ 75. Kd5 Rd1+ 76. Ke6 Re1 77. Rg4 Rd1 78. Rg5 Rd4 79. Kf5 Ra4
80. Kf4 Ra1 81. Rd5 Kxg6 82. Rxd6+ Kf7 83. Kf5 Ke7 84. Rb6 Rh1 85. Rb7+ Ke8
86. Ke6 Rh6+ 87. Kd5 Rg6 88. e5 Rh6 89. e6 Rh1 90. Kd6 Rd1+ 91. Ke5 Rc1 92.
Ke4 Rd1 1/2-1/2

[Event "93rd ch-GBR"]
[Site "Swansea WLS"]
[Date "2006.08.10"]
[Round "4"]
[White "Gormally,D"]
[Black "Cobb,J"]
[Result "1-0"]
[WhiteElo "2513"]
[BlackElo "2370"]
[EventDate "2006.08.07"]

1. e4 d6 2. d4 g6 3. Nc3 Bg7 4. Be3 a6 5. Qd2 Nd7 6. h4 h5 7. Nh3 b5 8. Ng5
Bb7 9. O-O-O Nb6 10. f3 e6 11. Bd3 Qd7 12. Qf2 O-O-O 13. Kb1 Kb8 14. Ne2
Nf6 15. Nc1 Nh7 16. Nxh7 Rxh7 17. Nb3 Nc4 18. Bc1 Rhh8 19. c3 Rc8 20. Qe2
Qc6 21. Rhe1 Rhe8 22. Bxc4 Qxc4 23. Qe3 Qc6 24. Na5 Qb6 25. b4 e5 26. d5
Qxe3 27. Bxe3 f5 28. Nc6+ Bxc6 29. dxc6 fxe4 30. fxe4 Rf8 31. a4 Rce8 32.
axb5 axb5 33. Rd5 Kc8 34. Rxb5 Bf6 35. g3 Bg7 36. Ra5 Kd8 37. b5 Ke7 38. b6
1-0

[Event "93rd ch-GBR"]
[Site "Swansea WLS"]
[Date "2006.08.10"]
[Round "4"]
[White "Lalic,B"]
[Black "Rudd,J"]
[Result "1-0"]
[WhiteElo "2488"]
[BlackElo "2328"]
[EventDate "2006.08.07"]

1. Nf3 Nf6 2. c4 c5 3. Nc3 Nc6 4. g3 g6 5. Bg2 Bg7 6. d4 O-O 7. dxc5 Qa5 8.
O-O Qxc5 9. b3 Qa5 10. Bd2 Qh5 11. h3 d6 12. g4 Qa5 13. Nd5 Qd8 14. Rc1 Bd7
15. Bc3 Ne8 16. Bxg7 Nxg7 17. Qd2 a6 18. Rfd1 b6 19. b4 Ra7 20. c5 bxc5 21.
bxc5 dxc5 22. Rxc5 Qb8 23. Rdc1 Qd6 24. Ng5 Rc8 25. Ne4 Qb8 26. Ndf6+ 1-0

[Event "93rd ch-GBR"]
[Site "Swansea WLS"]
[Date "2006.08.10"]
[Round "4"]
[White "Gordon,S"]
[Black "Sherwin,J"]
[Result "1-0"]
[WhiteElo "2443"]
[BlackElo "2291"]
[EventDate "2006.08.07"]

1. d4 d5 2. c4 c6 3. Nc3 Nf6 4. Nf3 a6 5. c5 Nbd7 6. Bf4 Nh5 7. Bd2 Nhf6 8.
Rc1 g6 9. h3 Bg7 10. Bf4 O-O 11. e3 b6 12. cxb6 Qxb6 13. Bd3 c5 14. Qe2 Bb7
15. O-O Rfc8 16. a3 cxd4 17. exd4 Nh5 18. Be3 Qd6 19. Qd2 Ndf6 20. Ne5 Ne4
21. Nxe4 dxe4 22. Nc4 Qd8 23. Be2 Nf6 24. Na5 Qd7 25. Nb3 e6 26. Nc5 Qe7
27. b4 Nd5 28. Bg5 f6 29. Bh4 g5 30. Bg3 Rd8 31. Bc4 h6 32. h4 Kh8 33. hxg5
hxg5 34. Qe2 Bc8 35. Nxe4 Kg8 36. Qh5 Ra7 37. Rfe1 Nf4 38. Bxf4 gxf4 39.
Nc5 Rd6 40. Qf5 1-0

[Event "93rd ch-GBR"]
[Site "Swansea WLS"]
[Date "2006.08.10"]
[Round "4"]
[White "Rendle,T"]
[Black "Ledger,D"]
[Result "1/2-1/2"]
[WhiteElo "2390"]
[BlackElo "2274"]
[EventDate "2006.08.07"]

1. e4 e5 2. Nf3 Nc6 3. Bb5 a6 4. Ba4 Nf6 5. O-O Be7 6. Re1 b5 7. Bb3 d6 8.
c3 O-O 9. d4 Bg4 10. d5 Na5 11. Bc2 Qc8 12. Nbd2 c6 13. b4 Nb7 14. h3 Bh5
15. dxc6 Qxc6 16. Bb2 Nd8 17. Nf1 1/2-1/2

[Event "93rd ch-GBR"]
[Site "Swansea WLS"]
[Date "2006.08.10"]
[Round "4"]
[White "Ashton,A"]
[Black "Knott,S"]
[Result "1/2-1/2"]
[WhiteElo "2329"]
[BlackElo "2387"]
[EventDate "2006.08.07"]

1. e4 e6 2. d4 d5 3. Nc3 Bb4 4. e5 c5 5. a3 Bxc3+ 6. bxc3 Ne7 7. h4 Nbc6 8.
h5 Qa5 9. Bd2 Bd7 10. h6 gxh6 11. Rxh6 O-O-O 12. Nf3 Rdg8 13. Qb1 c4 14. g3
Nf5 15. Rh2 h5 16. Qb2 Qd8 17. Bh3 Nh6 18. O-O-O Ng4 19. Bxg4 hxg4 20. Rxh8
Rxh8 21. Nh4 1/2-1/2

[Event "93rd ch-GBR"]
[Site "Swansea WLS"]
[Date "2006.08.10"]
[Round "4"]
[White "Buckley,G"]
[Black "Surtees,M"]
[Result "1-0"]
[WhiteElo "2379"]
[BlackElo "2182"]
[EventDate "2006.08.07"]

1. d4 c6 2. c4 f6 3. e4 e5 4. dxe5 Bb4+ 5. Bd2 Qe7 6. Bxb4 Qxb4+ 7. Nd2 Na6
8. exf6 Nxf6 9. e5 Ne4 10. Ngf3 d5 11. cxd5 Nac5 12. Rc1 cxd5 13. Be2 Be6
14. O-O O-O 15. Nxe4 Nxe4 16. Nd4 Qb6 17. Bf3 Rf4 18. Nxe6 Qxe6 19. Qd4
Raf8 20. Rfd1 Ng5 21. Bxd5 Rxd4 22. Rxd4 1-0

[Event "93rd ch-GBR"]
[Site "Swansea WLS"]
[Date "2006.08.10"]
[Round "4"]
[White "Sowray,P"]
[Black "Eggleston,D"]
[Result "1/2-1/2"]
[WhiteElo "2357"]
[BlackElo "2232"]
[EventDate "2006.08.07"]

1. e4 e6 2. d4 d5 3. Nd2 dxe4 4. Nxe4 Nd7 5. Nf3 Be7 6. Bd3 Ngf6 7. Nxf6+
Bxf6 8. O-O c5 9. c3 cxd4 10. cxd4 Nb6 11. a3 Bd7 12. Be4 Bb5 13. Re1 Nd5
14. Ne5 O-O 15. Qb3 Bc6 16. Qh3 g6 17. Bh6 Bg7 18. Rad1 Rc8 19. Bb1 Qb6 20.
Rd2 Nf6 21. Bg5 Qa5 22. b4 Qd5 23. Ba2 Qd6 24. Qh4 Ne4 25. Be7 Qc7 26. Bxf8
Nxd2 27. Bxg7 Kxg7 28. h3 Bd5 29. Bxd5 exd5 30. f3 h5 31. Qf4 Nc4 32. a4
Nxe5 33. dxe5 Qe7 34. Qd4 Rc4 35. Qxd5 Qxb4 36. Rd1 Qc5+ 37. Qxc5 Rxc5 38.
e6 fxe6 39. Rd7+ Kf6 40. Rxb7 Ra5 41. Rb4 Rc5 42. Kf2 Rc2+ 43. Kg3 Ra2 44.
h4 e5 45. Rc4 Ra3 46. Rc6+ Kf5 47. Ra6 e4 48. Ra5+ Kf6 49. Kf4 e3 50. Ra6+
Kf7 51. Rxa7+ Kf6 52. Ra6+ Kf7 53. Ra5 e2 54. Re5 Rxa4+ 55. Kg3 Ra2 56. Re4
1/2-1/2

[Event "93rd ch-GBR"]
[Site "Swansea WLS"]
[Date "2006.08.10"]
[Round "4"]
[White "Fowler,S"]
[Black "Taylor,Mart"]
[Result "1/2-1/2"]
[WhiteElo "2181"]
[BlackElo "2332"]
[EventDate "2006.08.07"]

1. d4 d5 2. c4 e6 3. Nc3 Nf6 4. cxd5 exd5 5. Bg5 Be7 6. e3 c6 7. Qc2 Nbd7
8. Bd3 Nh5 9. Bxe7 Qxe7 10. O-O-O Nb6 11. Nge2 g6 12. Kb1 Ng7 13. Ng3 Be6
14. Rc1 h5 15. h4 O-O-O 16. Na4 Nxa4 17. Qxa4 Kb8 18. Rc3 Rc8 19. Rhc1 Rc7
20. Ra3 b6 21. Rxc6 Rxc6 22. Qxc6 Rc8 23. Qa4 Rc7 24. Rc3 Rxc3 25. bxc3
Qxh4 26. Qc6 Qd8 27. c4 Qc7 28. cxd5 Qxc6 29. dxc6 h4 30. Ne2 Bd5 31. e4
Bxc6 32. f4 Nh5 33. Kc2 f5 34. d5 Bb7 35. Kc3 fxe4 36. Bxe4 Ba6 37. Nd4
Nxf4 38. d6 Bf1 39. Bf3 Bxg2 40. Nc6+ Kb7 41. Bxg2 Kc8 42. Be4 Kd7 43. Nxa7
Kxd6 44. Nc8+ Kc5 45. Ne7 h3 46. Nxg6 Ne2+ 47. Kb3 Ng3 48. Bb7 h2 49. Ne5
h1=Q 50. Nd7+ Kb5 51. a4+ Ka5 52. Bxh1 Nxh1 53. Nf6 b5 1/2-1/2

[Event "93rd ch-GBR"]
[Site "Swansea WLS"]
[Date "2006.08.10"]
[Round "4"]
[White "Thomas,Ni"]
[Black "Chevannes,S"]
[Result "1-0"]
[WhiteElo "2299"]
[BlackElo "2080"]
[EventDate "2006.08.07"]

1. e4 c6 2. d4 d5 3. exd5 cxd5 4. c4 Nf6 5. Nc3 Nc6 6. Nf3 Bg4 7. cxd5 Nxd5
8. Qb3 Bxf3 9. gxf3 Nb6 10. d5 Nd4 11. Bb5+ Nxb5 12. Nxb5 a6 13. Nc3 Qc7
14. Be3 Nd7 15. Rc1 g6 16. d6 Qa5 17. O-O e6 18. Qxb7 Rd8 19. Ne4 Bg7 20.
Bg5 O-O 21. Bxd8 Qxd8 22. Rfd1 Ne5 23. Ng3 h5 24. d7 Qg5 25. d8=Q Rxd8 26.
Rxd8+ Qxd8 27. Rc8 1-0

[Event "93rd ch-GBR"]
[Site "Swansea WLS"]
[Date "2006.08.10"]
[Round "4"]
[White "Sugden,J"]
[Black "Britton,R"]
[Result "1-0"]
[WhiteElo "2166"]
[BlackElo "2288"]
[EventDate "2006.08.07"]

1. e4 c5 2. Nc3 Nc6 3. g3 g6 4. Bg2 Bg7 5. d3 d6 6. f4 e6 7. Nf3 Nge7 8.
O-O O-O 9. Be3 b6 10. Bf2 Ba6 11. Qd2 Rc8 12. Rab1 h6 13. g4 f5 14. gxf5
exf5 15. Rfe1 Qd7 16. Bh3 Kh7 17. Ne2 Rcd8 18. Ng3 Qc7 19. exf5 Nxf5 20.
Nxf5 gxf5 21. c3 Qf7 22. Nh4 Bc8 23. b3 Rg8 24. Kh1 Ne7 25. Bg2 Bd7 26. d4
cxd4 27. cxd4 Bc6 28. Bxc6 Nxc6 29. d5 Ne7 30. Re6 Rd7 31. Rbe1 Bf6 32. Qd3
Bxh4 33. Bxh4 Ng6 34. Bg3 Nf8 35. Qf3 Rg7 36. Bh4 Kg8 37. Rf6 1-0

[Event "93rd ch-GBR"]
[Site "Swansea WLS"]
[Date "2006.08.10"]
[Round "4"]
[White "Mason,D"]
[Black "Poobalasingam,P"]
[Result "1-0"]
[WhiteElo "2266"]
[BlackElo "2068"]
[EventDate "2006.08.07"]

1. e4 e6 2. d4 d5 3. Nd2 Nf6 4. e5 Nfd7 5. Bd3 c5 6. c3 Nc6 7. Ngf3 Qb6 8.
O-O cxd4 9. cxd4 Nxd4 10. Nxd4 Qxd4 11. Nf3 Qb6 12. a3 Be7 13. b4 a5 14.
Be3 Qd8 15. Qc2 g5 16. g4 Kf8 17. Bxh7 Kg7 18. Bd3 Rh3 19. Be2 Qh8 20. Qd2
f5 21. exf6+ Bxf6 22. Rac1 Ne5 23. Rc7+ Kf8 24. Bc5+ Kg8 25. Nxe5 Rxh2 26.
Bf3 Qh3 27. Qd3 Bd7 28. Qg6+ Bg7 29. Rxd7 1-0

[Event "93rd ch-GBR"]
[Site "Swansea WLS"]
[Date "2006.08.10"]
[Round "4"]
[White "Cannon,Ri"]
[Black "Palliser,R"]
[Result "0-1"]
[WhiteElo "2102"]
[BlackElo "2413"]
[EventDate "2006.08.07"]

1. e4 c5 2. Nf3 d6 3. d4 cxd4 4. Nxd4 Nf6 5. Nc3 a6 6. a4 e5 7. Nb3 Be7 8.
Be2 O-O 9. O-O Be6 10. Be3 Nbd7 11. f3 Rc8 12. a5 Qc7 13. Qd2 h6 14. Rfd1
Rfe8 15. Bf1 Bf8 16. Kh1 Qd8 17. Qf2 Rxc3 18. bxc3 Qc7 19. Qe1 d5 20. exd5
Nxd5 21. c4 Nxe3 22. Qxe3 f5 23. Bd3 e4 24. fxe4 f4 25. Qf2 Nf6 26. h3 Qe5
27. Qf3 g5 28. Rf1 Bd6 29. c5 Bb8 30. Qe2 Kh8 31. Rae1 g4 32. Qf2 Qh5 33.
e5 gxh3 34. g3 Bd5+ 35. Kg1 Ng4 0-1

[Event "93rd ch-GBR"]
[Site "Swansea WLS"]
[Date "2006.08.10"]
[Round "4"]
[White "Hughes,Ro"]
[Black "Addison,B"]
[Result "1/2-1/2"]
[WhiteElo "2071"]
[BlackElo "2241"]
[EventDate "2006.08.07"]

1. d4 d5 2. Nf3 Nf6 3. e3 c5 4. c3 Qc7 5. Bd3 g6 6. Nbd2 Bg7 7. O-O Nbd7 8.
Re1 O-O 9. e4 dxe4 10. Nxe4 Nxe4 11. Bxe4 cxd4 12. Nxd4 a6 13. Qe2 e5 14.
Nf3 Kh8 15. Ng5 Nc5 16. Bd5 h6 17. Ne4 Be6 18. Bxe6 Nxe6 19. f3 Rae8 20. a4
f5 21. Nf2 Nd8 22. a5 Nf7 23. Be3 Nd6 24. Bb6 Qc6 25. Nd3 e4 26. Nb4 Qc8
27. f4 Nc4 28. Nd5 Qc6 29. Rad1 Nxa5 30. b4 Nc4 31. Bc5 b5 32. Bxf8 Rxf8
33. Qf2 Qe6 34. Nc7 Qf7 35. Nd5 Rd8 36. Qc5 Nb2 37. Qc6 Nxd1 38. Rxd1 Kh7
39. Kf2 Qa7+ 40. Ke2 Qf7 41. Rd2 g5 42. g3 Qh5+ 43. Ke1 Qf3 44. Rf2 Qd3 45.
Rd2 Qf3 46. Rf2 Qd3 47. Rd2 Qf3 1/2-1/2

[Event "93rd ch-GBR"]
[Site "Swansea WLS"]
[Date "2006.08.10"]
[Round "4"]
[White "Snape,I"]
[Black "Bonafont,P"]
[Result "1/2-1/2"]
[WhiteElo "2241"]
[BlackElo "2118"]
[EventDate "2006.08.07"]

1. c4 c5 2. Nf3 Nc6 3. Nc3 e5 4. g3 g6 5. Bg2 Bg7 6. a3 Nge7 7. b4 e4 8.
Ng5 f5 9. bxc5 Qa5 10. Bb2 O-O 11. Rc1 Ne5 12. O-O Qxc5 13. Na4 Qc7 14. c5
d5 15. cxd6 Qxd6 16. Qb3+ Qd5 17. Qxd5+ Nxd5 18. Rc5 Rd8 19. f3 exf3 20.
Nxf3 Nxf3+ 21. Bxf3 Be6 22. Bxg7 Kxg7 23. Rfc1 Rd7 24. R5c2 b6 25. Rc6 Bf7
26. Nc3 Nxc3 27. R6xc3 Rad8 28. Rc7 Be6 29. d3 Rxc7 30. Rxc7+ Rd7 31. Rc6
Kf7 32. Kf2 Ke7 33. Ke3 Bd5 34. Bxd5 Rxd5 35. Rc7+ Rd7 36. Rc1 Rd5 37. Rc7+
Rd7 38. Rc4 Ke6 39. a4 Rd5 40. Rc6+ Kd7 1/2-1/2